00736 2200229 4500001002100000005001700021008004100038035002400079090001800103100002700121245010400148250001100252260010700263300001800370650002600388700002700414850002100441980001400462985000600476986000900482999001500491YOGYA-0209000004357720090227030146.0 ind  0010-020900000043577 a374bPra DlT aPRAWIRADIHARJO, Tartib aDasar-dasar pendidikan masyarakat dan usahanyacoleh Tartib Prawiradihardjo, Sadarjoen Siswomartojo aCet. 2 a[Jakarta]bKementerian Pendidikan Pengadjaran dan Kebudajaan R.I. Djawatan Pendidikan Masjarakatc1952 a44 hlmc20 cm aPendidikan masyarakat aSiswomartoyo, Sadaryun aYOPDYOG [TRM 29] a17-9-2007 a1 aRuni a07A0026236